[Event "Tournoi International du Pays de Charleroi 2018"]
[Site "Roux, Belgium"]
[Date "2018.07.29"]
[Round "2.16"]
[White "Iolis, Oleg"]
[Black "Barbier, Astrid"]
[Result "1-0"]
[WhiteElo "2151"]
[BlackElo "1842"]

1. e4 {[%clk 01:30:57]} {[%emt 00:00:02]} c5 {[%clk 01:30:54]} {[%emt
00:00:07]} 2. Nf3 {[%clk 01:31:21]} {[%emt 00:00:06]} g6 {[%clk 01:31:16]}
{[%emt 00:00:08]} 3. d4 {[%clk 01:31:46]} {[%emt 00:00:05]} cxd4 {[%clk
01:31:37]} {[%emt 00:00:09]} 4. Nxd4 {[%clk 01:32:13]} {[%emt 00:00:03]} Bg7
{[%clk 01:31:58]} {[%emt 00:00:09]} 5. c4 {[%clk 01:32:03]} {[%emt 00:00:40]}
Nc6 {[%clk 01:31:20]} {[%emt 00:01:08]} 6. Be3 {[%clk 01:32:17]} {[%emt
00:00:15]} Nf6 {[%clk 01:30:50]} {[%emt 00:01:00]} 7. Nc3 {[%clk 01:32:41]}
{[%emt 00:00:06]} d6 {[%clk 01:29:54]} {[%emt 00:01:27]} 8. Be2 {[%clk
01:32:49]} {[%emt 00:00:21]} Qa5 {[%clk 01:23:57]} {[%emt 00:06:28]} 9. O-O
{[%clk 01:31:10]} {[%emt 00:02:09]} O-O {[%clk 01:20:46]} {[%emt 00:03:41]} 10.
a3 {[%clk 01:26:34]} {[%emt 00:05:06]} Bd7 {[%clk 01:16:04]} {[%emt 00:05:11]}
11. b4 {[%clk 01:25:46]} {[%emt 00:01:19]} Qd8 {[%clk 01:15:31]} {[%emt
00:01:03]} 12. Rc1 {[%clk 01:19:17]} {[%emt 00:06:59]} Ne8 {[%clk 01:11:01]}
{[%emt 00:05:00]} 13. Qd2 {[%clk 01:08:14]} {[%emt 00:11:32]} Nc7 {[%clk
01:09:28]} {[%emt 00:02:03]} 14. f4 {[%clk 01:02:12]} {[%emt 00:06:33]} a5
{[%clk 00:59:08]} {[%emt 00:10:51]} 15. Nxc6 {[%clk 00:55:10]} {[%emt
00:07:31]} bxc6 {[%clk 00:56:33]} {[%emt 00:03:04]} 16. Rfd1 {[%clk 00:42:46]}
{[%emt 00:12:54]} Be6 {[%clk 00:52:20]} {[%emt 00:04:44]} 17. bxa5 {[%emt
00:05:55]} Rxa5 {[%clk 00:48:07]} {[%emt 00:04:41]} 18. Bb6 {[%clk 00:30:06]}
{[%emt 00:07:47]} Rxa3 {[%clk 00:43:02]} {[%emt 00:05:35]} 19. Nb5 {[%clk
00:21:20]} {[%emt 00:09:15]} cxb5 {[%clk 00:39:04]} {[%emt 00:04:29]} 20. cxb5
{[%clk 00:21:42]} {[%emt 00:00:07]} Qa8 {[%clk 00:35:13]} {[%emt 00:04:21]} 21.
Bxc7 {[%clk 00:20:32]} {[%emt 00:01:40]} Ra2 {[%clk 00:25:23]} {[%emt
00:10:20]} 22. Qe3 {[%clk 00:12:03]} {[%emt 00:08:59]} Bb2 {[%clk 00:24:19]}
{[%emt 00:01:35]} 23. Rb1 {[%clk 00:10:47]} {[%emt 00:01:46]} Ba3 {[%clk
00:17:40]} {[%emt 00:07:10]} 24. Bb6 {[%clk 00:09:48]} {[%emt 00:01:29]} Qa4
{[%clk 00:14:59]} {[%emt 00:03:10]} 25. Bd4 {[%clk 00:08:22]} {[%emt 00:01:55]}
Rb8 {[%clk 00:13:18]} {[%emt 00:02:12]} 26. f5 {[%clk 00:06:21]} {[%emt
00:02:31]} Bc4 {[%clk 00:08:54]} {[%emt 00:04:54]} 27. Qh6 {[%clk 00:04:21]}
{[%emt 00:02:29]} f6 {[%clk 00:09:13]} {[%emt 00:00:12]} 28. Bxc4+ {[%clk
00:03:40]} {[%emt 00:01:11]} Qxc4 {[%clk 00:09:34]} {[%emt 00:00:08]} 29. fxg6
{[%emt 00:00:06]} hxg6 {[%clk 00:09:33]} {[%emt 00:00:29]} 30. Qxg6+ {[%clk
00:04:30]} {[%emt 00:00:06]} Kf8 {[%clk 00:06:58]} {[%emt 00:03:06]} 31. Qh6+
{[%clk 00:04:53]} {[%emt 00:00:06]} Kf7 {[%clk 00:07:24]} {[%emt 00:00:04]} 32.
Qh7+ {[%clk 00:04:44]} {[%emt 00:00:36]} Kf8 {[%clk 00:07:44]} {[%emt
00:00:13]} 33. Qh8+ {[%clk 00:04:57]} {[%emt 00:00:17]} Qg8 {[%clk 00:08:03]}
{[%emt 00:00:12]} 34. Qxg8+ {[%clk 00:05:23]} {[%emt 00:00:04]} Kxg8 {[%clk
00:08:29]} {[%emt 00:00:04]} 35. Rd3 {[%clk 00:05:19]} {[%emt 00:00:33]} Kf7
{[%clk 00:08:05]} {[%emt 00:00:54]} 36. b6 {[%clk 00:04:33]} {[%emt 00:01:16]}
Bc5 {[%clk 00:06:58]} {[%emt 00:01:37]} 37. Bxc5 {[%clk 00:02:55]} {[%emt
00:02:08]} dxc5 {[%clk 00:07:22]} {[%emt 00:00:06]} 38. Rd5 {[%clk 00:03:05]}
{[%emt 00:00:20]} Ra6 {[%clk 00:06:04]} {[%emt 00:01:49]} 39. b7 {[%clk
00:02:38]} {[%emt 00:00:57]} Ra7 {[%clk 00:06:07]} {[%emt 00:00:26]} 40. Rxc5
{[%clk 00:02:23]} {[%emt 00:00:46]} Rbxb7 {[%clk 00:05:46]} {[%emt 00:00:51]}
41. Rxb7 {[%clk 00:02:40]} {[%emt 00:00:13]} Rxb7 {[%clk 00:06:05]} {[%emt
00:00:10]} 42. Rf5 {[%clk 00:23:13]} {[%emt 00:09:57]} Rb2 {[%clk 00:32:51]}
{[%emt 00:03:44]} 43. Rf4 {[%clk 00:23:02]} {[%emt 00:00:41]} Kg6 {[%clk
00:32:02]} {[%emt 00:01:18]} 44. h3 {[%clk 00:22:31]} {[%emt 00:01:02]} e6
{[%clk 00:30:38]} {[%emt 00:01:54]} 45. Rg4+ {[%clk 00:21:46]} {[%emt
00:01:15]} Kf7 {[%clk 00:30:03]} {[%emt 00:01:05]} 46. Kh2 {[%clk 00:20:26]}
{[%emt 00:01:50]} Rb3 {[%clk 00:29:13]} {[%emt 00:01:21]} 47. h4 {[%clk
00:19:45]} {[%emt 00:01:11]} f5 {[%clk 00:28:08]} {[%emt 00:01:34]} 48. exf5
{[%clk 00:18:56]} {[%emt 00:01:19]} exf5 {[%clk 00:28:32]} {[%emt 00:00:07]} 49.
Ra4 {[%clk 00:17:23]} {[%emt 00:02:03]} Kg6 {[%clk 00:27:45]} {[%emt 00:01:16]}
50. g3 {[%clk 00:16:32]} {[%emt 00:01:21]} Kh5 {[%clk 00:26:25]} {[%emt
00:01:50]} 51. Rf4 {[%clk 00:16:40]} {[%emt 00:00:21]} Kg6 {[%clk 00:26:34]}
{[%emt 00:00:22]} 52. Kg2 {[%clk 00:17:02]} {[%emt 00:00:07]} Ra3 {[%clk
00:26:26]} {[%emt 00:00:39]} 53. Rf2 {[%clk 00:17:15]} {[%emt 00:00:17]} Rb3
{[%clk 00:26:28]} {[%emt 00:00:28]} 54. Rf3 {[%clk 00:16:04]} {[%emt 00:01:42]}
Rb2+ {[%clk 00:26:10]} {[%emt 00:00:48]} 55. Kh3 {[%clk 00:16:25]} {[%emt
00:00:09]} Rb1 {[%clk 00:24:23]} {[%emt 00:02:16]} 56. Ra3 {[%clk 00:16:47]}
{[%emt 00:00:08]} Rb4 {[%clk 00:23:41]} {[%emt 00:01:12]} 57. Ra6+ {[%clk
00:16:20]} {[%emt 00:00:58]} Kh5 {[%clk 00:21:11]} {[%emt 00:02:59]} 58. Rf6
{[%clk 00:16:27]} {[%emt 00:00:23]} Rb5 {[%clk 00:21:05]} {[%emt 00:00:37]} 59.
Kg2 {[%clk 00:16:48]} {[%emt 00:00:09]} Kg4 {[%clk 00:20:23]} {[%emt 00:01:11]}
60. Rg6+ {[%clk 00:17:04]} {[%emt 00:00:13]} Kh5 {[%clk 00:20:46]} {[%emt
00:00:08]} 61. Rg5 {[%clk 00:17:27]} {[%emt 00:00:07]} Kh6 {[%clk 00:20:59]}
{[%emt 00:00:17]} 62. Kf3 {[%clk 00:17:56]} {[%emt 00:00:02]} Rb3+ {[%clk
00:19:58]} {[%emt 00:01:30]} 63. Kf4 {[%clk 00:18:20]} {[%emt 00:00:06]} Rb4+
{[%clk 00:19:56]} {[%emt 00:00:33]} 64. Kxf5 {[%clk 00:18:36]} {[%emt
00:00:13]} Rb5+ {[%clk 00:20:20]} {[%emt 00:00:06]} 65. Kg4 {[%clk 00:19:00]}
{[%emt 00:00:06]} Rb4+ {[%clk 00:16:41]} {[%emt 00:04:09]} 66. Kh3 {[%clk
00:19:18]} {[%emt 00:00:12]} Ra4 {[%clk 00:16:55]} {[%emt 00:00:17]} 67. Rb5
{[%clk 00:19:42]} {[%emt 00:00:05]} Rc4 {[%emt 00:00:11]} 68. Rb3 {[%emt
00:01:33]} Ra4 {[%clk 00:15:11]} {[%emt 00:00:31]} 69. Rb6 {[%clk 00:20:01]}
{[%emt 00:00:10]} Kg7 {[%clk 00:15:24]} {[%emt 00:00:17]} 70. h5 {[%clk
00:20:25]} {[%emt 00:00:06]} Ra3 {[%clk 00:14:04]} {[%emt 00:01:51]} 71. Kh4
{[%clk 00:20:44]} {[%emt 00:00:11]} Ra5 {[%clk 00:14:27]} {[%emt 00:00:07]} 72.
g4 {[%clk 00:21:06]} {[%emt 00:00:07]} Rc5 {[%clk 00:14:46]} {[%emt 00:00:11]}
73. Rb7+ {[%clk 00:21:31]} {[%emt 00:00:05]} Kh8 {[%clk 00:15:02]} {[%emt
00:00:14]} 74. h6 {[%clk 00:21:53]} {[%emt 00:00:08]} Ra5 {[%clk 00:14:22]}
{[%emt 00:01:09]} 75. g5 {[%clk 00:22:17]} {[%emt 00:00:07]} Rc5 {[%clk
00:14:32]} {[%emt 00:00:20]} 76. Rf7 {[%clk 00:18:34]} {[%emt 00:04:12]} Kg8
{[%clk 00:13:21]} {[%emt 00:01:42]} 77. g6 {[%clk 00:18:34]} {[%emt 00:00:30]}
Rc4 {[%clk 00:13:16]} {[%emt 00:00:35]} 78. Kg5 {[%clk 00:18:58]} {[%emt
00:00:06]} Rc5+ {[%clk 00:13:32]} {[%emt 00:00:14]} 79. Rf5 {[%clk 00:19:24]}
{[%emt 00:00:04]} Rc8 {[%clk 00:13:43]} {[%emt 00:00:19]} 80. h7+ {[%clk
00:19:14]} {[%emt 00:00:41]} Kg7 {[%clk 00:12:56]} {[%emt 00:01:16]} 81. Rf7+
{[%clk 00:19:38]} {[%emt 00:00:05]} Kh8 {[%clk 00:13:16]} {[%emt 00:00:11]} 82.
Kh6 {[%clk 00:20:04]} {[%emt 00:00:03]} 1-0

[Event "Tournoi International du Pays de Charleroi 2018"]
[Site "Roux, Belgium"]
[Date "2018.07.29"]
[Round "2.30"]
[White "Werner, Ivan"]
[Black "Bruno, Ricardo"]
[Result "1/2-1/2"]
[WhiteElo "2110"]
[BlackElo "1989"]

1. e4 {[%clk 01:25:49]} {[%emt 00:05:09]} c5 {[%clk 01:30:54]} {[%emt
00:00:07]} 2. Nf3 {[%clk 01:26:17]} {[%emt 00:00:01]} d6 {[%clk 01:31:16]}
{[%emt 00:00:09]} 3. d4 {[%clk 01:26:43]} {[%emt 00:00:04]} cxd4 {[%clk
01:31:35]} {[%emt 00:00:10]} 4. Nxd4 {[%clk 01:27:10]} {[%emt 00:00:03]} Nf6
{[%clk 01:31:54]} {[%emt 00:00:11]} 5. Nc3 {[%clk 01:27:39]} {[%emt 00:00:03]}
g6 {[%clk 01:32:17]} {[%emt 00:00:06]} 6. Be3 {[%clk 01:27:48]} {[%emt
00:00:21]} Bg7 {[%clk 01:32:40]} {[%emt 00:00:07]} 7. f3 {[%clk 01:27:30]}
{[%emt 00:00:48]} Nc6 {[%clk 01:33:01]} {[%emt 00:00:09]} 8. Qd2 {[%clk
01:27:49]} {[%emt 00:00:11]} O-O {[%clk 01:33:16]} {[%emt 00:00:14]} 9. Bc4
{[%clk 01:28:08]} {[%emt 00:00:12]} Bd7 {[%clk 01:33:40]} {[%emt 00:00:06]} 10.
O-O-O {[%clk 01:28:27]} {[%emt 00:00:11]} b5 {[%clk 01:33:11]} {[%emt
00:00:59]} 11. Bxb5 {[%clk 01:28:12]} {[%emt 00:00:46]} Ne5 {[%clk 01:33:06]}
{[%emt 00:00:34]} 12. Be2 {[%clk 01:27:32]} {[%emt 00:01:10]} Qb8 {[%clk
01:33:26]} {[%emt 00:00:11]} 13. g4 {[%clk 01:23:54]} {[%emt 00:04:07]} Qb7
{[%clk 01:27:31]} {[%emt 00:06:25]} 14. h4 {[%clk 01:14:32]} {[%emt 00:09:52]}
Rab8 {[%clk 01:27:10]} {[%emt 00:00:51]} 15. Nb3 {[%clk 01:14:22]} {[%emt
00:00:40]} Rfc8 {[%clk 01:26:14]} {[%emt 00:01:27]} 16. h5 {[%clk 01:12:43]}
{[%emt 00:02:08]} a5 {[%clk 01:25:15]} {[%emt 00:01:28]} 17. hxg6 {[%clk
01:11:31]} {[%emt 00:01:43]} fxg6 {[%clk 01:24:39]} {[%emt 00:01:05]} 18. g5
{[%clk 01:10:37]} {[%emt 00:01:25]} Rxc3 {[%clk 00:59:28]} {[%emt 00:25:41]} 19.
Qxc3 {[%clk 00:53:52]} {[%emt 00:17:15]} Nh5 {[%clk 00:56:17]} {[%emt
00:03:40]} 20. Rxh5 {[%clk 00:34:36]} {[%emt 00:19:47]} gxh5 {[%clk 00:55:50]}
{[%emt 00:00:56]} 21. Qxa5 {[%clk 00:18:50]} {[%emt 00:16:16]} Be6 {[%clk
00:48:48]} {[%emt 00:07:32]} 22. Qa7 {[%clk 00:16:21]} {[%emt 00:03:00]} Qxa7
{[%clk 00:47:06]} {[%emt 00:02:12]} 23. Bxa7 {[%clk 00:16:50]} {[%emt
00:00:01]} Ra8 {[%clk 00:47:25]} {[%emt 00:00:10]} 24. Bd4 {[%clk 00:15:47]}
{[%emt 00:01:34]} Rxa2 {[%clk 00:47:18]} {[%emt 00:00:37]} 25. Kb1 {[%clk
00:15:42]} {[%emt 00:00:35]} Ra8 {[%clk 00:44:27]} {[%emt 00:03:21]} 26. Rh1
{[%clk 00:13:45]} {[%emt 00:02:27]} Bf7 {[%clk 00:40:11]} {[%emt 00:04:46]} 27.
Bc3 {[%clk 00:12:42]} {[%emt 00:01:34]} Rf8 {[%clk 00:32:52]} {[%emt 00:07:47]}
28. f4 {[%clk 00:09:13]} {[%emt 00:04:00]} Ng4 {[%clk 00:27:38]} {[%emt
00:05:43]} 29. Bxg7 {[%clk 00:09:18]} {[%emt 00:00:26]} Kxg7 {[%clk 00:28:02]}
{[%emt 00:00:06]} 30. Bxg4 {[%clk 00:06:36]} {[%emt 00:03:12]} hxg4 {[%clk
00:28:24]} {[%emt 00:00:07]} 31. Nd4 {[%clk 00:06:40]} {[%emt 00:00:26]} Bg8
{[%clk 00:23:12]} {[%emt 00:05:42]} 32. f5 {[%clk 00:06:33]} {[%emt 00:00:37]}
e5 {[%clk 00:22:12]} {[%emt 00:01:31]} 33. fxe6 {[%clk 00:04:45]} {[%emt
00:02:18]} Kg6 {[%clk 00:21:32]} {[%emt 00:01:10]} 34. e7 {[%clk 00:04:25]}
{[%emt 00:00:49]} Re8 {[%clk 00:21:51]} {[%emt 00:00:12]} 35. Nf5 {[%clk
00:03:39]} {[%emt 00:01:16]} Kxg5 {[%clk 00:22:03]} {[%emt 00:00:17]} 36. Rh6
{[%clk 00:02:55]} {[%emt 00:01:15]} d5 {[%clk 00:22:01]} {[%emt 00:00:32]} 37.
exd5 {[%clk 00:01:58]} {[%emt 00:01:26]} Bxd5 {[%clk 00:21:23]} {[%emt
00:01:09]} 38. Rh5+ {[%emt 00:01:23]} Kxh5 {[%emt 00:00:12]} 39. Ng7 {[%emt
00:00:01]} Kg6 {[%emt 00:00:01]} 40. Nxe8 {[%emt 00:00:02]} Kf7 1/2-1/2

[Event "Tournoi International du Pays de Charleroi 2018"]
[Site "Roux, Belgium"]
[Date "2018.07.29"]
[Round "2.12"]
[White "Gillot, Florent"]
[Black "Sclacmender, Julien"]
[Result "0-1"]
[WhiteElo "1975"]
[BlackElo "2245"]

1. d4 {[%clk 01:30:56]} {[%emt 00:00:01]} Nf6 {[%clk 01:30:52]} {[%emt
00:00:08]} 2. Nf3 {[%clk 01:31:20]} {[%emt 00:00:06]} g6 {[%clk 01:31:19]}
{[%emt 00:00:04]} 3. Nbd2 {[%clk 01:31:32]} {[%emt 00:00:17]} Bg7 {[%clk
01:31:45]} {[%emt 00:00:05]} 4. e4 {[%clk 01:31:53]} {[%emt 00:00:07]} d6
{[%clk 01:32:11]} {[%emt 00:00:05]} 5. Bd3 {[%clk 01:32:11]} {[%emt 00:00:12]}
O-O {[%clk 01:31:53]} {[%emt 00:00:48]} 6. O-O {[%clk 01:32:05]} {[%emt
00:00:36]} Nc6 {[%clk 01:31:59]} {[%emt 00:00:24]} 7. c3 {[%clk 01:32:10]}
{[%emt 00:00:26]} e5 {[%clk 01:32:15]} {[%emt 00:00:13]} 8. Re1 {[%clk
01:31:26]} {[%emt 00:01:13]} Nh5 {[%clk 01:27:34]} {[%emt 00:05:11]} 9. Nb3
{[%clk 01:30:25]} {[%emt 00:01:32]} a5 {[%clk 01:20:17]} {[%emt 00:07:48]} 10.
a4 {[%clk 01:29:37]} {[%emt 00:01:17]} Bg4 {[%clk 01:15:39]} {[%emt 00:05:07]}
11. Be3 {[%clk 01:19:22]} {[%emt 00:10:45]} Qf6 {[%clk 01:01:50]} {[%emt
00:14:19]} 12. h3 {[%clk 01:09:23]} {[%emt 00:10:29]} Bxf3 {[%clk 01:01:23]}
{[%emt 00:00:57]} 13. Qxf3 {[%clk 01:02:52]} {[%emt 00:07:01]} Qxf3 {[%clk
00:59:00]} {[%emt 00:02:54]} 14. gxf3 {[%clk 01:03:18]} {[%emt 00:00:04]} f5
{[%clk 00:56:27]} {[%emt 00:03:03]} 15. d5 {[%clk 01:00:33]} {[%emt 00:03:15]}
Ne7 {[%clk 00:52:28]} {[%emt 00:04:29]} 16. Nc1 {[%clk 00:53:17]} {[%emt
00:07:46]} Nf4 {[%clk 00:46:25]} {[%emt 00:06:32]} 17. Bf1 {[%clk 00:49:38]}
{[%emt 00:04:10]} g5 {[%clk 00:46:21]} {[%emt 00:00:34]} 18. Nd3 {[%clk
00:45:18]} {[%emt 00:04:49]} Neg6 {[%clk 00:44:40]} {[%emt 00:02:12]} 19. Reb1
{[%clk 00:43:54]} {[%emt 00:01:53]} Nh4 {[%clk 00:41:40]} {[%emt 00:03:30]} 20.
Ne1 {[%clk 00:44:05]} {[%emt 00:00:20]} Bf6 {[%clk 00:34:03]} {[%emt 00:08:06]}
21. b4 {[%clk 00:34:46]} {[%emt 00:09:49]} b6 {[%clk 00:34:19]} {[%emt
00:00:15]} 22. c4 {[%clk 00:32:51]} {[%emt 00:02:25]} axb4 {[%clk 00:32:34]}
{[%emt 00:02:15]} 23. Rxb4 {[%clk 00:31:54]} {[%emt 00:01:27]} Kf7 {[%clk
00:32:00]} {[%emt 00:01:04]} 24. Rb5 {[%clk 00:29:11]} {[%emt 00:03:13]} Rg8
{[%clk 00:30:29]} {[%emt 00:02:00]} 25. Kh2 {[%clk 00:29:21]} {[%emt 00:00:21]}
h5 {[%clk 00:29:29]} {[%emt 00:01:30]} 26. a5 {[%clk 00:20:04]} {[%emt
00:09:46]} g4 {[%clk 00:29:32]} {[%emt 00:00:28]} 27. fxg4 {[%clk 00:18:36]}
{[%emt 00:01:57]} hxg4 {[%clk 00:29:36]} {[%emt 00:00:26]} 28. Bd2 {[%clk
00:15:04]} {[%emt 00:04:02]} fxe4 {[%clk 00:28:58]} {[%emt 00:01:09]} 29. Bc3
{[%clk 00:15:12]} {[%emt 00:00:22]} Nxh3 {[%clk 00:14:51]} {[%emt 00:14:37]} 30.
Bxh3 {[%clk 00:14:58]} {[%emt 00:00:44]} gxh3 {[%clk 00:15:08]} {[%emt
00:00:12]} 31. axb6 {[%clk 00:15:03]} {[%emt 00:00:26]} Rxa1 {[%clk 00:15:19]}
{[%emt 00:00:19]} 32. Bxa1 {[%clk 00:15:28]} {[%emt 00:00:05]} cxb6 {[%clk
00:15:37]} {[%emt 00:00:12]} 33. Rxb6 {[%clk 00:15:26]} {[%emt 00:00:32]} Be7
{[%clk 00:14:07]} {[%emt 00:02:00]} 34. Kxh3 {[%clk 00:13:16]} {[%emt
00:02:40]} Rg1 {[%clk 00:13:36]} {[%emt 00:01:01]} 35. Bc3 {[%clk 00:12:53]}
{[%emt 00:00:52]} Nf5 {[%clk 00:10:39]} {[%emt 00:03:27]} 36. Kh2 {[%clk
00:09:57]} {[%emt 00:03:26]} Rg8 {[%clk 00:06:34]} {[%emt 00:04:36]} 37. Nc2
{[%clk 00:06:22]} {[%emt 00:04:05]} Rc8 {[%clk 00:04:01]} {[%emt 00:03:03]} 38.
Na3 {[%clk 00:04:02]} {[%emt 00:02:50]} e3 {[%clk 00:03:35]} {[%emt 00:00:56]}
39. fxe3 {[%clk 00:04:22]} {[%emt 00:00:10]} Nxe3 {[%clk 00:04:03]} {[%emt
00:00:01]} 40. Rc6 {[%clk 00:01:41]} {[%emt 00:03:11]} Rb8 {[%clk 00:01:00]}
{[%emt 00:03:33]} 41. Ra6 {[%clk 00:25:09]} {[%emt 00:07:03]} Rb3 {[%clk
00:29:21]} {[%emt 00:02:08]} 42. Ba1 {[%clk 00:22:04]} {[%emt 00:03:36]} Rd3
{[%clk 00:26:54]} {[%emt 00:02:57]} 43. Ra7 {[%clk 00:17:56]} {[%emt 00:04:38]}
Kf6 {[%clk 00:21:20]} {[%emt 00:06:04]} 44. Ra6 {[%clk 00:13:53]} {[%emt
00:04:33]} Kf5 {[%clk 00:20:09]} {[%emt 00:01:40]} 45. Ra7 {[%clk 00:12:44]}
{[%emt 00:01:40]} Bg5 {[%clk 00:19:46]} {[%emt 00:00:53]} 46. Nb5 {[%clk
00:11:40]} {[%emt 00:01:33]} Bf4 {[%clk 00:08:42]} {[%emt 00:11:34]} 47. Kg1
{[%clk 00:11:44]} {[%emt 00:00:26]} Nxc4 {[%clk 00:07:42]} {[%emt 00:01:29]}
0-1

[Event "Tournoi International du Pays de Charleroi 2018"]
[Site "Roux, Belgium"]
[Date "2018.07.29"]
[Round "2.3"]
[White "De Block, Yordi"]
[Black "Kasparov, Sergey"]
[Result "1/2-1/2"]
[BlackTitle "IM"]
[WhiteElo "2129"]
[BlackElo "2449"]

1. e4 {[%clk 01:30:58]} {[%emt 00:23:48]} d6 {[%clk 01:30:25]} {[%emt
00:00:35]} 2. d4 {[%clk 01:31:19]} {[%emt 00:00:09]} Nf6 {[%clk 01:30:51]}
{[%emt 00:00:03]} 3. Nc3 {[%clk 01:31:34]} {[%emt 00:00:16]} e5 {[%clk
01:31:18]} {[%emt 00:00:03]} 4. Nf3 {[%clk 01:31:52]} {[%emt 00:00:13]} Nbd7
{[%clk 01:31:44]} {[%emt 00:00:03]} 5. Bc4 {[%clk 01:31:38]} {[%emt 00:00:43]}
Be7 {[%clk 01:31:59]} {[%emt 00:00:16]} 6. O-O {[%clk 01:21:16]} {[%emt
00:10:52]} O-O {[%clk 01:31:45]} {[%emt 00:00:43]} 7. Qe2 {[%clk 01:20:26]}
{[%emt 00:01:21]} c6 {[%clk 01:31:31]} {[%emt 00:00:44]} 8. a4 {[%clk
01:20:33]} {[%emt 00:00:24]} b6 {[%clk 01:28:57]} {[%emt 00:03:03]} 9. Rd1
{[%clk 01:15:46]} {[%emt 00:05:16]} Qc7 {[%clk 01:27:28]} {[%emt 00:01:59]} 10.
d5 {[%clk 01:12:47]} {[%emt 00:03:30]} c5 {[%clk 01:25:34]} {[%emt 00:02:24]}
11. Ba6 {[%clk 01:08:46]} {[%emt 00:04:32]} Bxa6 {[%clk 01:22:54]} {[%emt
00:03:10]} 12. Qxa6 {[%clk 01:08:18]} {[%emt 00:00:59]} Qc8 {[%clk 01:21:39]}
{[%emt 00:01:43]} 13. Qxc8 {[%clk 01:07:04]} {[%emt 00:01:45]} Rfxc8 {[%clk
01:21:57]} {[%emt 00:00:12]} 14. Bg5 {[%clk 01:05:25]} {[%emt 00:02:10]} a6
{[%clk 01:21:00]} {[%emt 00:01:26]} 15. Nd2 {[%clk 01:04:14]} {[%emt 00:01:41]}
c4 {[%clk 01:19:46]} {[%emt 00:01:44]} 16. Nf1 {[%clk 00:58:50]} {[%emt
00:05:54]} Kf8 {[%clk 01:16:34]} {[%emt 00:03:42]} 17. f3 {[%clk 00:55:40]}
{[%emt 00:03:41]} Ne8 {[%clk 01:14:56]} {[%emt 00:02:07]} 18. Be3 {[%clk
00:55:27]} {[%emt 00:00:43]} h6 {[%clk 01:12:10]} {[%emt 00:03:16]} 19. Na2
{[%clk 00:52:29]} {[%emt 00:03:29]} Bg5 {[%clk 01:12:06]} {[%emt 00:00:33]} 20.
Bf2 {[%clk 00:51:03]} {[%emt 00:01:56]} b5 {[%clk 01:09:16]} {[%emt 00:03:20]}
21. axb5 {[%clk 00:47:42]} {[%emt 00:03:52]} axb5 {[%clk 01:09:01]} {[%emt
00:00:45]} 22. Nb4 {[%clk 00:47:45]} {[%emt 00:00:26]} Bd8 {[%clk 01:07:46]}
{[%emt 00:01:45]} 23. Nc6 {[%clk 00:46:13]} {[%emt 00:02:03]} Bb6 {[%clk
01:07:25]} {[%emt 00:00:50]} 24. Bxb6 {[%clk 00:44:27]} {[%emt 00:02:17]} Nxb6
{[%clk 01:06:52]} {[%emt 00:01:02]} 25. Na7 {[%clk 00:42:52]} {[%emt 00:02:05]}
Rcb8 {[%clk 01:01:06]} {[%emt 00:06:17]} 26. Nxb5 {[%clk 00:36:32]} {[%emt
00:06:50]} Rxa1 {[%clk 01:00:42]} {[%emt 00:00:54]} 27. Rxa1 {[%clk 00:36:59]}
{[%emt 00:00:04]} Nxd5 {[%clk 01:01:03]} {[%emt 00:00:08]} 28. Nxd6 {[%clk
00:28:13]} {[%emt 00:09:16]} Nxd6 {[%clk 01:00:50]} {[%emt 00:00:43]} 29. exd5
{[%clk 00:28:41]} {[%emt 00:00:02]} Rxb2 {[%clk 01:00:42]} {[%emt 00:00:37]} 30.
Ne3 {[%clk 00:29:07]} {[%emt 00:00:05]} f5 {[%clk 00:56:04]} {[%emt 00:05:07]}
31. Ra4 {[%clk 00:26:21]} {[%emt 00:03:16]} c3 {[%clk 00:53:17]} {[%emt
00:03:17]} 32. g3 {[%clk 00:24:09]} {[%emt 00:02:42]} g5 {[%clk 00:50:47]}
{[%emt 00:03:00]} 33. f4 {[%clk 00:23:36]} {[%emt 00:01:04]} exf4 {[%clk
00:49:49]} {[%emt 00:01:28]} 34. gxf4 {[%clk 00:24:00]} {[%emt 00:00:06]} Ke7
{[%clk 00:49:24]} {[%emt 00:00:54]} 35. Kf1 {[%clk 00:21:19]} {[%emt 00:03:10]}
gxf4 {[%clk 00:49:10]} {[%emt 00:00:44]} 36. Rxf4 {[%clk 00:21:32]} {[%emt
00:00:17]} Kf6 {[%clk 00:49:18]} {[%emt 00:00:22]} 37. Ke2 {[%clk 00:21:06]}
{[%emt 00:00:56]} Rb1 {[%clk 00:41:10]} {[%emt 00:08:38]} 38. Kd3 {[%clk
00:19:55]} {[%emt 00:01:39]} Rh1 {[%clk 00:40:32]} {[%emt 00:01:08]} 39. Kxc3
{[%clk 00:17:52]} {[%emt 00:02:35]} Kg5 {[%clk 00:34:04]} {[%emt 00:06:58]} 40.
Rf1 {[%clk 00:03:49]} {[%emt 00:14:33]} Rxh2 {[%clk 00:34:18]} {[%emt
00:00:16]} 41. Kd4 {[%clk 00:02:20]} {[%emt 00:01:59]} f4 {[%clk 00:27:23]}
{[%emt 00:07:25]} 42. Rg1+ {[%clk 00:02:31]} {[%emt 00:00:19]} Kh5 {[%clk
00:27:51]} {[%emt 00:00:02]} 43. Ng4 {[%clk 00:00:37]} {[%emt 00:02:23]} Rxc2
{[%clk 00:27:25]} {[%emt 00:00:57]} 44. Nf6 {[%clk 00:01:00]} {[%emt 00:00:07]}
Kh4 {[%clk 00:27:45]} {[%emt 00:00:09]} 45. Rg4 {[%clk 00:28:40]} {[%emt
00:02:50]} Kh3 {[%clk 00:57:40]} {[%emt 00:00:35]} 46. Rxf4 {[%clk 00:29:04]}
{[%emt 00:00:06]} 1/2-1/2